El Arzobispo Costa y Borrás / (Record no. 49182)

MARC details
000 -LEADER
campo de control de longitud fija 00652nam a2200169 i 4500
001 - NÚMERO DE CONTROL
campo de control 49182
003 - IDENTIFICADOR DE NÚMERO DE CONTROL
campo de control ES-MaACL
007 - CAMPO FIJO DE DESCRIPCIÓN FÍSICA--INFORMACIÓN GENERAL
campo de control de longitud fija t|
008 - DATOS DE LONGITUD FIJA--INFORMACIÓN GENERAL
campo de control de longitud fija 030710s1948 sp ||||1| spa d
100 1# - ENTRADA PRINCIPAL--NOMBRE DE PERSONA
Nombre de persona Cortadellas Sanroma, Francisco.
9 (RLIN) 40815
245 13 - MENCIÓN DEL TÍTULO
Título El Arzobispo Costa y Borrás /
Mención de responsabilidad, etc. Francisco Cortadellas Sanroma ; prólogo de Manuel Arce Ochotorena.
260 ## - PUBLICACIÓN, DISTRIBUCIÓN, ETC.
Lugar de publicación, distribución, etc. Barcelona :
Nombre del editor, distribuidor, etc. R. Ballester,
Fecha de publicación, distribución, etc. 1948 (
Fabricante Sucs. de Torres y Virgili)
300 ## - DESCRIPCIÓN FÍSICA
Extensión 211 p., IV lám. :
Otras características físicas il. ;
Dimensiones 18 cm.
500 ## - NOTA GENERAL
Nota general Es publicación extraordinaria de la Real Sociedad Arqueológica Tarraconense.
700 1# - ENTRADA AGREGADA--NOMBRE PERSONAL
Nombre de persona Arce Ochotorena, Manuel.
9 (RLIN) 22463
852 ## - LOCALIZACIÓN
Ubicación ES-MaACL
Número de control de estantería E-703
Sublocalización o colección R.28435
Holdings
Estatus retirado Estado de pérdida Estado de daño No para préstamo Biblioteca de origen Biblioteca actual Ubicación en estantería Fecha de adquisición Fuente de adquisición Total de préstamos Signatura topográfica completa Código de barras Visto por última vez Precio de reemplazo Tipo de ítem Koha
        Biblioteca del Ateneo de Madrid Biblioteca del Ateneo de Madrid Depósito 2 17/01/2008     E-703 1051755 23/02/2023 23/02/2023 Libro impreso